[Event "GER-ch U25 op-B"]
[Site "Oberhof"]
[Date "2013.05.23"]
[Round "7"]
[White "Granzin, Mina"]
[Black "Lilienthal, Niels Bennett"]
[Result "0-1"]
[WhiteElo "857"]
[BlackElo "983"]
[PlyCount "78"]
[EventDate "2013.05.19"]
[EventType "swiss"]
[EventRounds "9"]
[EventCountry "GER"]
[SourceTitle "CBM 154 Extra"]
[Source "ChessBase"]
[SourceDate "2013.06.25"]
[SourceVersion "2"]
[SourceVersionDate "2013.06.25"]
[SourceQuality "1"]

1. e4 e5 2. Nf3 Nc6 3. Bd3 Nf6 4. Nc3 Bc5 5. 0-0 d6 6. Bc4 Bg4 7. d3 Qe7 8. Bg5 0-0-0 9. h3 Bxf3 10. Qxf3 Nd4 11. Qg3 Bb4 12. Qh4 Bxc3 13. bxc3 Ne6 14. Bb3 Nxg5 15. Qxg5 Rhg8 16. Qh5 Nxh5 17. d4 exd4 18. cxd4 Rgf8 19. Bc4 Qxe4 20. c3 Nf4 21. f3 Qe3+ 22. Kh2 Qxc3 23. Kg3 Qxc4 24. Kf2 Qxd4+ 25. Kg3 Ne2+ 26. Kh2 Qf4+ 27. Kh1 Ng3+ 28. Kg1 Nxf1 29. Kxf1 Qc4+ 30. Kf2 Qd4+ 31. Kf1 Qxa1+ 32. Kf2 Qxa2+ 33. Kg3 Rfe8 34. Kh2 Re2 35. Kg3 Rxg2+ 36. Kf4 Qc4+ 37. Kf5 Qd5+ 38. Kf4 Re8 39. h4 Qe5# 0-1

[Event "GER-ch U25 op-B"]
[Site "Oberhof"]
[Date "2013.05.19"]
[Round "1"]
[White "Wagner, Swenja"]
[Black "Granzin, Mina"]
[Result "1-0"]
[WhiteElo "1248"]
[BlackElo "857"]
[PlyCount "65"]
[EventDate "2013.05.19"]
[EventType "swiss"]
[EventRounds "9"]
[EventCountry "GER"]
[SourceTitle "CBM 154 Extra"]
[Source "ChessBase"]
[SourceDate "2013.06.25"]
[SourceVersion "2"]
[SourceVersionDate "2013.06.25"]
[SourceQuality "1"]

1. e4 e5 2. Nc3 Nc6 3. Bc4 Bc5 4. d3 d6 5. Nge2 Nf6 6. Na4 Bb4+ 7. c3 Ba5 8. Bg5 h6 9. Bh4 g5 10. Bg3 Qe7 11. b4 Bxb4 12. cxb4 Nxb4 13. Qb3 Nc6 14. Bb5 Bd7 15. Nac3 a6 16. Bxc6 Bxc6 17. 0-0 0-0-0 18. Rab1 h5 19. f3 g4 20. Bh4 Rdf8 21. fxg4 hxg4 22. Bxf6 Qd7 23. Bxh8 Rxh8 24. Rxf7 Qe8 25. Rbf1 b5 26. Nd5 a5 27. Nxc7 Qd8 28. Qc3 Bd7 29. Ne6+ Kb8 30. Nxd8 Ka7 31. Rxd7+ Kb8 32. Qc7+ Ka8 33. Qc8# 1-0